[Event "Raisoni Memorial op U15"]
[Site "Nagpur"]
[Date "2012.09.24"]
[Round "10"]
[White "Ghosh, Diptayan"]
[Black "Kumar, B."]
[Result "1-0"]
[WhiteElo "2417"]
[BlackElo "2060"]
[PlyCount "115"]
[EventDate "2012.09.17"]
[EventType "swiss"]
[EventRounds "11"]
[EventCountry "IND"]
[SourceTitle "CBM 150 Extra"]
[Source "ChessBase"]
[SourceDate "2012.10.19"]
[SourceVersion "1"]
[SourceVersionDate "2012.10.19"]
[SourceQuality "1"]

1. d4 Nf6 2. c4 e6 3. g3 d5 4. Nf3 Be7 5. Bg2 0-0 6. 0-0 dxc4 7. Qc2 a6 8. a4 Bd7 9. Rd1 Bc6 10. Nc3 a5 11. e4 Na6 12. Ne5 Nb4 13. Qe2 Nd3 14. Nxc4 Nxc1 15. Raxc1 Bb4 16. Nb5 Bxb5 17. axb5 Rc8 18. Rc2 c6 19. bxc6 bxc6 20. Ne5 Qb6 21. Qc4 c5 22. d5 Rfd8 23. Rcc1 exd5 24. exd5 Qd6 25. Nc6 Re8 26. Qf4 Qd7 27. Bf3 c4 28. Qxc4 Bd6 29. Kg2 Qf5 30. Qd3 Qxd3 31. Rxd3 Nd7 32. Rdc3 Ra8 33. Ra1 Ne5 34. Ra4 Nxc6 35. dxc6 Ra7 36. Rb3 Bc7 37. Rb5 Rea8 38. Bd5 Kf8 39. Kf3 f5 40. Ke2 Ke7 41. Bg2 g6 42. Kd3 Rd8+ 43. Kc2 Rb8 44. Rb7 Raxb7 45. cxb7 g5 46. Rc4 Kd7 47. Kb3 h5 48. h3 Rf8 49. Bc6+ Kd6 50. Bb5 Bb8 51. Rc8 Ke7 52. Bc6 f4 53. g4 hxg4 54. hxg4 Be5 55. Ka4 Rd8 56. Kxa5 Bb8 57. Kb6 Rf8 58. Rxb8 1-0

[Event "Raisoni Memorial op U15"]
[Site "Nagpur"]
[Date "2012.09.20"]
[Round "6"]
[White "Kumar, B."]
[Black "Visakh, Narayanan Rajeswari"]
[Result "1-0"]
[WhiteElo "2060"]
[BlackElo "2202"]
[PlyCount "61"]
[EventDate "2012.09.17"]
[EventType "swiss"]
[EventRounds "11"]
[EventCountry "IND"]
[SourceTitle "CBM 150 Extra"]
[Source "ChessBase"]
[SourceDate "2012.10.19"]
[SourceVersion "1"]
[SourceVersionDate "2012.10.19"]
[SourceQuality "1"]

1. e4 c5 2. Nf3 d6 3. d4 cxd4 4. Nxd4 Nf6 5. Nc3 a6 6. Bg5 e6 7. f4 Nc6 8. Qd2 h6 9. Bxf6 Qxf6 10. Nxc6 bxc6 11. 0-0-0 e5 12. g3 Bg4 13. Re1 Be6 14. f5 Bd7 15. h4 Qd8 16. Bc4 Be7 17. Reg1 Rb8 18. Bb3 a5 19. g4 c5 20. g5 Rb4 21. gxh6 gxh6 22. Qd5 Rf8 23. Rg8 Rxb3 24. Rxf8+ Kxf8 25. axb3 Be8 26. Qd2 Bc6 27. Rg1 Bf6 28. Qxh6+ Ke7 29. Qh7 Qb6 30. Rg8 c4 31. Qh6 1-0